Charles Dickens Characters - Sudden Death - Statistics

General Stats
  • This quiz has been taken 53 times
  • The average score is 12 of 20
Answers on the Grid
Answers color-coded by a green-red scale on the quiz's grid according to % correct below.
Artful Dodger
Bill Sykes
Bob Cratchit
Captain Louis Renault
Daphne Blake
David Copperfield
Dick Swiveller
Ebenezer Scrooge
Fagin
Frenchy Facciano
Glenn Quagmire
Heathcliff
Houlden Caulfield
Inspector Bucket
Jacob Marley
King Duncan
Lady Dedlock
Miss Havisham
Mr. Bumble
Mr. Jaggers
Nathaniel Winkle
Oliver Twist
Pip
Rhett Butler
Rosaline Capulet
Samuel Pickwick
Shylock
Thomas Gradgrind
Uriah Heep
Wackford Squeers
 
Answer Stats
Answer % Correct
Ebenezer Scrooge
91%
David Copperfield
86%
Oliver Twist
84%
Samuel Pickwick
82%
Bob Cratchit
80%
Pip
77%
Artful Dodger
75%
Jacob Marley
73%
Fagin
68%
Miss Havisham
68%
Uriah Heep
61%
Bill Sykes
59%
Mr. Bumble
50%
Mr. Jaggers
39%
Wackford Squeers
36%
Dick Swiveller
32%
Nathaniel Winkle
32%
Thomas Gradgrind
30%
Inspector Bucket
27%
Lady Dedlock
23%
No matching quizzes found
Score Distribution
Percent of People with Each Score
Percentile by Number Answered
Your Score History
You have not taken this quiz